000 00586nam a2200205Ia 4500
005 20250923145355.0
008 008 250917s9999 xx 000 0 eng d
037 _aTextual
040 _aDSWL
_beng
_cDSWL
041 _aeng
_2eng
084 _aX:75.2'N6, N65
_qDSWL
100 _aDas-Gupta, A.K.
_9834613
245 0 _aPlanning and economic growth
_c by A.K. Das-Gupta
260 _aLondon
_bGeorge Allen & Unwin Ltd.
_c1965
300 _a185 p.
365 _aINR
_b25 . 0
925 _g25 . 0
942 _cTEXL
_hX:75.2'N6, N65
999 _c1450588
_d1450588